000 00875nam a2200313 a 4500
001 36204
003 AR-BaAGN
005 20240713062541.0
007 ta
008 220625s1991 ag |||||r|||| ||||||spa d
020 _a950-99864-0-2
040 _dAR-BaAGN
_aAR-BaAGN
_eaacr
_bspa
245 0 0 _aDel mito a la realidad :
_bevolución iconográfica del pueblo tehuelche meridional
250 _a1ª ed.
260 _aViedma :
_bFundación Ameghino,
_cc1991.
300 _a290 páginas :
_bil. byn, lám. byn
336 _2rdacontent
_btxt
337 _2rdamedia
_bn
338 _2rdacarrier
_bnc
650 4 _aGENEALOGÍA
_91370
650 4 _aICONOGRAFIA
_91307
650 4 _aPUEBLOS ORIGINARIOS
_92209
650 4 _aTEHUELCHES
_92659
650 4 _aTOPONIMIA
_92001
651 4 _aPatagonia
_9198
651 4 _aArgentina
_93645
942 _cLIBRO
_n0
999 _c36204
_d36204